Greek, Roman, Norse, or Egyptian God? Quiz Stats

 Plays Quiz Updated Aug 25, 2017

Challenge
Share
Tweet
Embed
Score 0/40 Timer 03:00
8 Plays Today
Question Answer Wrong Answers
Ra Egyptian
90.8%
Greek
0.7%
Roman
0.7%
Norse
1.5%
Zeus Greek
89.4%
Roman
3.4%
Norse
0.7%
Egyptian
0.2%
Thor Norse
89.3%
Greek
2.5%
Roman
1.5%
Egyptian
0.5%
Jupiter Roman
88.8%
Greek
4.3%
Norse
0.3%
Egyptian
0.2%
Loki Norse
88.6%
Greek
1.8%
Roman
1%
Egyptian
2.2%
Mars Roman
88.6%
Greek
4.4%
Norse
0.4%
Egyptian
0.2%
Aphrodite Greek
88.6%
Roman
4.2%
Norse
0.3%
Egyptian
0.5%
Frigg Norse
88.5%
Greek
1%
Roman
1.4%
Egyptian
2.6%
Odin Norse
88.2%
Greek
2.1%
Roman
1.6%
Egyptian
1.8%
Freyr Norse
88%
Greek
1.2%
Roman
1.3%
Egyptian
2.9%
Anubis Egyptian
87.1%
Greek
2.5%
Roman
2.2%
Norse
1.8%
Freyja Norse
87.1%
Greek
1.3%
Roman
1.4%
Egyptian
3.8%
Poseidon Greek
87%
Roman
6%
Norse
0.5%
Egyptian
0.2%
Sekhmet Egyptian
86.6%
Greek
0.8%
Roman
0.9%
Norse
5.4%
Hermes Greek
86.5%
Roman
6.4%
Norse
0.4%
Egyptian
0.4%
Ptah Egyptian
86.4%
Greek
1.1%
Roman
1.1%
Norse
4.7%
Heimdallr Norse
85.8%
Greek
1.6%
Roman
1.3%
Egyptian
4.8%
Amun Egyptian
85.8%
Greek
1.1%
Roman
2.1%
Norse
4.4%
Isis Egyptian
84.7%
Greek
4.8%
Roman
2.6%
Norse
1.7%
Juno Roman
84.1%
Greek
7.3%
Norse
1.4%
Egyptian
0.8%
Artemis Greek
84.1%
Roman
7.8%
Norse
0.5%
Egyptian
1%
Neptune Roman
84%
Greek
9.3%
Norse
0.3%
Egyptian
0.2%
Venus Roman
83.6%
Greek
9.4%
Norse
0.3%
Egyptian
0.2%
Hera Greek
83.4%
Roman
7.4%
Norse
1.3%
Egyptian
1.5%
Hephaestus Greek
81.9%
Roman
7.1%
Norse
0.6%
Egyptian
4.1%
Ares Greek
79.5%
Roman
12.6%
Norse
0.6%
Egyptian
1%
Týr Norse
77.4%
Greek
1.5%
Roman
1.6%
Egyptian
13.1%
Demeter Greek
75.8%
Roman
14.9%
Norse
1.7%
Egyptian
1.3%
Horus Egyptian
74.3%
Greek
7.5%
Roman
7.4%
Norse
4.4%
Atum Egyptian
72.6%
Greek
2.9%
Roman
7.1%
Norse
10.7%
Janus Roman
69.9%
Greek
11.4%
Norse
6.8%
Egyptian
5.4%
Bes Egyptian
69.2%
Greek
2%
Roman
3.4%
Norse
18.8%
Hestia Greek
68.8%
Roman
18.8%
Norse
3.2%
Egyptian
2.8%
Minerva Roman
66.5%
Greek
21.9%
Norse
3.4%
Egyptian
1.9%
Vesta Roman
64.1%
Greek
14.5%
Norse
9.9%
Egyptian
5%
Bast Egyptian
63.6%
Greek
1.6%
Roman
3.7%
Norse
24.4%
Bellona Roman
58.6%
Greek
8.7%
Norse
19.1%
Egyptian
7%
Sif Norse
53.9%
Greek
1.1%
Roman
1.2%
Egyptian
37.3%
Ceres Roman
51.3%
Greek
35.3%
Norse
2.3%
Egyptian
4.6%
Máni Norse
51.3%
Greek
2.3%
Roman
3.9%
Egyptian
35.7%

You're not logged in!

Compare scores with friends on all Sporcle quizzes.
Join for Free
OR
Log In

You Might Also Like...

Show Comments

Extras

Top Quizzes Today


Score Distribution

Your Account Isn't Verified!

In order to create a playlist on Sporcle, you need to verify the email address you used during registration. Go to your Sporcle Settings to finish the process.

Report this User

Report this user for behavior that violates our Community Guidelines.

Details: